Flugzeugtypen erraten - Statistiken

Allgemein
  • Dieses Quiz wurde 38 mal gespielt
  • Das Durchschnittsergebnis liegt bei 7 aus 11
Antwortstatistiken
Bildquiz Antwort % Korrekt
Airbus A380
90%
Boeing 747
90%
Airbus A350
73%
Boeing 737
73%
Airbus A340
70%
Airbus A320
67%
Boeing 787
53%
Airbus A330
50%
Boeing 777
47%
Boeing 757
33%
Embraer190
27%
Keine übereinstimmenden Quizze gefunden
Verteilung der Resultate
Anzahl Personen mit jedem Resultat
Perzentil nach korrekt beantworteten Fragen
Ihre Resultats-Entwicklung
Sie haben dieses Quiz noch nicht gespielt